000 00406nam a22001577a 4500
003 SGT
020 _a9781543348637
082 _a611
_bL25N
100 _aNALLA, SWATHI
245 _aLAB MANUAL FOR HUMAN ANATOMY & PHYSIOLOGY
260 _aPUNJAB
_bS.VIKSH & COMPANY
_c2025
300 _a200
650 _aANATOMY & PHYSIOLOGY
653 _aLAB, MANUAL, HUMAN, ANATOMY, PHYSIOLOGY
942 _2ddc
_cGF BOOKS
999 _c33291
_d33291